| 000 | 01018nam a2200313 i 4500 | ||
|---|---|---|---|
| 999 |
_c141814 _d141814 |
||
| 001 | C2-0345324 | ||
| 003 | PPAK | ||
| 005 | 20180728145923.0 | ||
| 008 | 180205t20032014cc a|||b ||||| | 1 chi d | ||
| 020 |
_a9789814671941 _qpaperback |
||
| 040 |
_aPPAK _beng _cPPAK _erda |
||
| 082 |
_223 _a495.182 |
||
| 090 |
_a495.182 _bCHE _dK |
||
| 245 | 0 | 0 |
_aCheng yu wo OK. 1 : _bKan man hua, xue cheng yu! wan you xi, zhang zhi li! |
| 246 | 0 | 3 | _bKan man hua, xue cheng yu! wan you xi, zhang zhi li! |
| 250 | _aDi 2 ban. | ||
| 264 | 1 |
_aXinjiapo : _bLing zi chuan mei , _c2003 |
|
| 264 | 4 | _c©2014 | |
| 300 |
_a187 pages : _billustrations ; _c21 cm |
||
| 336 |
_2rdacontent _atext |
||
| 337 |
_2rdamedia _aunmediated |
||
| 338 |
_2rdacarrier _avolume |
||
| 500 | _aParitial text in Chinese. | ||
| 650 | 1 | 0 |
_aChinese language _xIdioms _vCaricatures and cartoons |
| 650 | 2 | 0 |
_aChinese language _yIdioms _vJuvenile literature |
| 700 | 0 |
_aWu, Guoxiong, _eeditor. |
|
| 700 | 0 |
_aWu, Guoxiong, _eartist. |
|
| 942 |
_cB _2ddc |
||